Statistiques concernant Le marin - Alain Souchon - paroles

Cliquez ici pour prendre le quiz!

Statistiques générales

  • Ce quiz a été pris 8 fois
  • Le résultat moyen est 144 sur 189

Statistiques - réponses

Réponse% Correct
a
100%
avec
100%
dans
100%
de
100%
Il
100%
du"
100%
en
100%
et
100%
Il
100%
la
100%
La
100%
le
100%
Le
100%
mer
100%
sa
100%
une
100%
ça
86%
des
86%
les
86%
Mais
86%
nous
86%
qu'à"
86%
"y
86%
bleu
71%
d'Iroise,
71%
grands
71%
lui
71%
marine,
71%
Oise
71%
on
71%
On
71%
oubliés,
71%
pêche.
71%
promène
71%
rouillée...
71%
Seine
71%
Simca
71%
tête.
71%
tous
71%
vie
71%
voiliers...
71%
voulait
71%
avait
57%
bleue
57%
brume,
57%
casquette
57%
chante
57%
Vodka,
57%
"j'aurais
57%
met
57%
Molène
57%
plainte
57%
plume
57%
qu'il
57%
rappelle
57%
Rochelle.
57%
sirènes,
57%
sournoises,
57%
turquoise,
57%
vareuse
57%
Vodka,
57%
ancres
43%
baleines,
43%
belles
43%
bouche
43%
boucle
43%
coffres
43%
d'oreille
43%
fêtes,
43%
qu'on
43%
rouillées,
43%
rouillées...
43%
sèche.
43%
vit
43%

Distribution des résultats

Percentile par nombre de réponses

% des personnes avec chaque résultat

Votre développement - résultats

Vous n’avez pas pris ce quiz